000 00324nam a2200133Ia 4500
008 231129s1986||||xx |||||||||||||| ||spa||
040 _bspa
082 _aCo861 V712d
100 _aVilla Jimenez Joaquin
245 0 _aDespues del olvido
260 _c1986
264 _aSecretaria de Educacion y Cultura
942 _2ddc
_cBKS
999 _c9141
_d9141